Técnicas de investigación. Métodos desarrollados en diarios y revistas de América Latina
Збережено в:
| Автор: | |
|---|---|
| Формат: | Книга |
| Мова: | Іспанська |
| Опубліковано: |
Ciudad de México
Fondo de Cultura Económica
2004
|
| Редагування: | 1a. ed |
| Серія: | Colección Nuevo Periodismo
|
| Предмети: | |
| Теги: |
Додати тег
Немає тегів, Будьте першим, хто поставить тег для цього запису!
|
MARC
| LEADER | 00000nam a2200000 a 4500 | ||
|---|---|---|---|
| 001 | UCJ0812 | ||
| 003 | CL-VaPUC | ||
| 008 | 060908e20040000MX |||||||||||||||||spa|d | ||
| 020 | |a 9681672410 | ||
| 082 | 0 | 4 | |a 070.4 |b SAN |2 21 |
| 100 | 0 | |a Santoro, Daniel |e author |9 501178 | |
| 245 | 1 | 0 | |a Técnicas de investigación. Métodos desarrollados en diarios y revistas de América Latina |
| 250 | |a 1a. ed | ||
| 300 | |a 287 p | ||
| 942 | |c BK | ||
| 945 | |d 20060908 00:00:00 |a jtorresc | ||
| 260 | |a Ciudad de México |b Fondo de Cultura Económica |c 2004 | ||
| 500 | |a www.fondodeculturaeconomica.com | ||
| 650 | 0 | |a Investigación periodística |9 386006 | |
| 650 | 0 | |a Periodismo |9 310113 | |
| 583 | |a last modification |c 20140409 02:45:48 |k Rodrigo Vera | ||
| 490 | 0 | |a Colección Nuevo Periodismo | |
| 999 | |c 317566 |d 317564 | ||
| 952 | |0 0 |1 0 |4 0 |6 070_400000000000000_SAN_2004 |7 0 |8 A |9 394106 |a BIBCUR |b BIBCUR |d 2019-11-22 |i 4272862 |l 1 |o 070.4 SAN 2004 |p 4272862 |r 2025-04-22 |s 2024-11-20 |w 2019-11-22 |y BK |k PER | ||